Verbal Behavior

Saved in:
Bibliographic Details
Main Author: Skinner, Burrhus Frederick (Author)
Format: Book
Language:English
Published: Nueva York Appleton Century Crofts 1957
Edition:1a. ed
Series:The Century Psychology Series
Subjects:
Tags: Add Tag
No Tags, Be the first to tag this record!

MARC

LEADER 00000nam a2200000 a 4500
001 UCJ2989
003 CL-VaPUC
008 070119e19570000US |||||||||||||||||eng|d
082 0 4 |a 401.9  |b SKI  |2 21 
100 0 |a Skinner, Burrhus Frederick  |e author  |9 336267 
245 1 0 |a Verbal Behavior 
250 |a 1a. ed 
300 |a 478 p 
942 |c BK 
945 |d 20070119 00:00:00  |a lvergara 
260 |a Nueva York  |b Appleton Century Crofts  |c 1957 
500 |a Donación de la Dra. Marianne Peronard Thierry 
650 0 |a Psicolingüística   |9 283371 
650 0 |a Adquisición del lenguaje   |9 309032 
650 0 |a Gramática  |9 270497 
650 0 |a Psicolingüística   |9 283371 
583 |a last modification  |c 20190801 08:58:48  |k Rodrigo Vera 
490 0 |a The Century Psychology Series 
999 |c 319113  |d 319111 
952 |0 0  |1 0  |4 0  |6 401_900000000000000_SKI_1957  |7 0  |8 A  |9 397353  |a FDOPOS  |b FDOPOS  |d 2019-11-22  |i 4311728  |o 401.9 SKI 1957  |p 4311728  |r 2025-01-22  |w 2019-11-22  |y BK  |k MLA